Hypixel Guilds with the Highest Level - Statistics

General Stats
  • This quiz has been taken 31 times
  • The average score is 3 of 10
Answer Stats
Level Guild % Correct
90 Rebel
71%
80 Matrix
39%
84 Rawr
39%
80 The Abyss
39%
82 The Bloodlust
29%
79 The Foundation
25%
79 Offensive
11%
79 Honra
7%
80 Enigmata
4%
79 WasAFK
0%
No matching quizzes found
Score Distribution
Percent of People with Each Score
Percentile by Number Answered
Your Score History
You have not taken this quiz